000 00839nam a2200229 i 4500
001 170776
003 ES-MaACL
005 20250907063129.0
008 090406s1952 sp |||| | spa d
100 1 _aTomás de Villanueva,
_cSanto,
_d1486-1555
_9139739
245 1 0 _aObras de Santo Tomás de Villanueva /
_cintroducción biográfica, versión y notas de Santos Santamarta.
260 _aMadrid :
_bLa Editorial Católica,
_c1952.
300 _aIX, 665 p. ;
_c20 cm.
490 1 _aBiblioteca de autores cristianos ;
_v96
505 8 _aContiene : Sermones de la Virgen ; Obras castellanas
700 0 _aSantamarta, Santos.
_9103321
740 0 _aSermones de la Virgen.
740 0 _aObras castellanas.
830 0 0 _aBiblioteca de autores cristianos
_v96
_9178679
852 _aES-MaACL
_jJ-94
999 _c170776
_d170776